Imaginándome paloma / (Registro nro. 7395)

Detalles MARC
000 -LIDER
fixed length control field 00912nam a2200289 a 4500
001 - NÚMERO DE CONTROL
Identificador de número de control 000009536
003 - IDENTIFICACDOR DE NÚMERO DE CONTROL
control field DO-SdBNP
005 - DATE AND TIME OF LATEST TRANSACTION
control field 20170119093822.0
007 - CAMPOS FIJOS DE DESCRIPCIÓN FÍSICA
fixed length control field 000009536
008 - ELEMENTOS DE LONGITUD FIJA
fixed length control field 090930s1996 dr 000 p spa d
040 ## - FUENTE DE CATALOGACIÓN
Agencia que crea de manera original el registro BPMSU
Idioma de catalogación spa
Agencia que realiza la transcripción BPMSU
082 04 - NÚMERO DE CLASIFICACIÓN DECIMAL DE DEWEY
Classification number RD861.44
Item number A277i
100 1# - ASIENTO PRINCIPAL -- NOMBRE PERSONAL
Nombre personal Agramonte, Damarys,
Fechas asociadas con el nombre 1966-
245 10 - MENCIÓN DE TITULO
Título Imaginándome paloma /
Mención de responsabilidad Damarys Agramonte.
260 ## - PUBLICACIÓN, DISTRIBUCIÓN, ETC. (PIE DE IMPRENTA)
Lugar de publicación, distribución, etc Santo Domingo :
Impresor Búho;
Fecha de publicación, distribución, etc 1996.
300 ## - DESCRIPCIÓN FÍSICA
Extensión 72 p. ;
Dimensiones 18 cm.
650 #4 - ENCABEZAMIENTO DE MATERIA--TEMÁTICO
Término temático o nombre geográfico como elemento de entrada POESÍA DOMINICANA
650 #4 - ENCABEZAMIENTO DE MATERIA--TEMÁTICO
Término temático o nombre geográfico como elemento de entrada LITERATURA DOMINICANA
910 ## - VALIDACIÓN
Validación Validado. Control de calidad MFF
930 #1 - EQUIVALENCE OR CROSS-REFERENCE-UNIFORM TITLE HEADING [LOCAL, CANADA]
Language of a work BND01
Medium of performance for music LF1
Field link and sequence number 20090930
Date of a work 01
Name of part/section of a work HD
Miscellaneous information 4768
930 #1 - EQUIVALENCE OR CROSS-REFERENCE-UNIFORM TITLE HEADING [LOCAL, CANADA]
Language of a work BND01
Medium of performance for music LF1
Field link and sequence number 20090930
Date of a work 01
Name of part/section of a work HD
Miscellaneous information 4768
Medium e. 2
942 ## - ADDED ENTRY ELEMENTS (KOHA)
Source of classification or shelving scheme Dewey Decimal Classification
Koha item type Libros
956 ## - LOCAL ELECTRONIC LOCATION AND ACCESS (OCLC)
Nombre de host SARMENTERO
Número de acceso 10
Información de compresión 20090930
Inicio de sesión BND01
Procesador de solicitud 1401
956 ## - LOCAL ELECTRONIC LOCATION AND ACCESS (OCLC)
Nombre de host BTAVAREZ
Número de acceso 10
Información de compresión 20091005
Inicio de sesión BND01
Procesador de solicitud 1358
956 ## - LOCAL ELECTRONIC LOCATION AND ACCESS (OCLC)
Nombre de host TMEREDITH
Número de acceso 20
Información de compresión 20091005
Inicio de sesión BND01
Procesador de solicitud 1446
956 ## - LOCAL ELECTRONIC LOCATION AND ACCESS (OCLC)
Nombre de host YPOLANCO
Número de acceso 04
Información de compresión 20110726
Inicio de sesión BND01
Procesador de solicitud 1559
Existencias
Withdrawn status Lost status Source of classification or shelving scheme Damaged status Not for loan Collection code Home library Current library Date acquired Total Checkouts Barcode Date last seen Copy number Price effective from Koha item type
    Dewey Decimal Classification       Biblioteca Pública Metropolitana Salomé Ureña Biblioteca Pública Metropolitana Salomé Ureña 02/13/2015   BPMET15041209 02/13/2015 1 ej. 02/13/2015 Libros
    Dewey Decimal Classification       Biblioteca Pública Metropolitana Salomé Ureña Biblioteca Pública Metropolitana Salomé Ureña 02/13/2015   BPMET15041210 02/13/2015 2 ej. 02/13/2015 Libros